| 000 | 00632 a2200229 4500 | ||
|---|---|---|---|
| 005 | 20260417140828.0 | ||
| 008 | 260417b |||||||| |||| 00| 0 eng d | ||
| 020 |
_a9781394241484 _c$ 171.95 |
||
| 040 | _aMAIN | ||
| 082 |
_a150 _bH872P(13) |
||
| 100 | _aHuffman, Karen | ||
| 245 | _aPsychology in action: Fundamentals of psychological science, with ebook access code | ||
| 250 | _a13th | ||
| 260 |
_bSage _c2025 _aCanada |
||
| 300 | _av. | ||
| 650 | _aPsychology | ||
| 650 | _aResearch Methods | ||
| 650 | _aPsxchological Disorders | ||
| 700 | _aSanderson, Catherine A | ||
| 700 | _aDowdell, Katherine | ||
| 942 | _cBK | ||
| 999 |
_c396742 _d396742 |
||